000 01420nam0a2200361 i 4500
001 RU\NLR\bibl\1889202
005 20260406014701.0
010 _a9785912220022
_92000
021 _aRU
_b2012-19755
_91493
035 _a(nilc)RSL-KNO-005410081
035 _a(NLR Aleph) 001878899
090 _a2763305
_c2763305
100 _a20120326d2011 u y0rusy50 ca
101 0 _arus
_aeng
102 _aRU
105 _ay |||||||||
200 1 _aПесня, которую пела иволга
_dThe song the oriole sang
_fФилип Макдона
_g[предисл. Е.Ю. Гениевой и Филипа МакДона]
_zeng
210 _aМосква
_cЦентр книги Рудомино
_d2011
215 _a206, [1] с.
_d21
300 _aАвт. также на англ. яз.: Philip Mcdonagh
300 _aТекст парал. на рус. и англ. яз.
320 _aБиблиогр. в тексте
510 1 _6z20790
_aThe song the oriole sang
_zeng
686 _aШ5(4И)162-6я44
_2rubbk
686 _aШ6(4И)167-5я44{Лх1328}
700 1 _4070
_7ca
_8rus
_aМакДона
_bФ.
_f1952-
_gФилип
_9103081
_3RU\NLR\auth\77120156
790 1 _4070
_7ba
_8eng
_aMcDonagn
_bP.
_f1952-
_gPhilip
_9103082
_3RU\NLR\auth\77120157
801 0 _aRU
_bRuMoRKP
_c20120326
_grcr
801 1 _aRU
_bРГБ
_c20120326
801 2 _aRU
_bNLR
_c20120409
_grcr
942 _cBOOK
980 _aNBR